| 000 | 00944nam a2200265 i 4500 | ||
|---|---|---|---|
| 001 | 193637 | ||
| 003 | ES-MaACL | ||
| 005 | 20250827211950.0 | ||
| 007 | ta | ||
| 008 | 240131s2001 sp | |||| 000 spa | ||
| 040 | _aEs-MaACL | ||
| 100 | 1 |
_aPozo, Raúl del, _d1936- _eaut _993542 |
|
| 245 | 1 | 0 |
_aAteneo sitiado por cucarachas / _cRaúl del Pozo |
| 264 | 1 |
_a[Madrid : _bEl Mundo, _c2001] |
|
| 300 |
_a1 página ; _c30 cm |
||
| 336 |
_aTexto _2rdacontent |
||
| 337 |
_asin mediación _2rdamedia |
||
| 338 |
_avolumen _2rdacarrier |
||
| 500 | _aFotocopia del artículo del escritor, periodista y ateneísta Raúl del Pozo sobre el Ateneo de Madrid, publicado en la sección "Vicios de la corte" de "El Mundo", 28 de noviembre de 2001 | ||
| 610 | 2 | 4 |
_aAteneo de Madrid- _vHistoria _91925 |
| 655 | 4 |
_aArtículos _9175745 |
|
| 852 | 4 |
_aES-MaACL _cDEPOF _j2347-F-13 _9201142 |
|
| 942 |
_2udc _cART_PRENSA _n0 |
||
| 999 |
_c193637 _d193637 |
||